000 00715nam a2200229Ia 4500
001 9532
003 GE_BSU
008 181216s||||||||xx |||||||||||||| ||und||
040 _cGE_BSU
080 _a821.353.1–1
100 _aმარკოზია,გიორგი
245 _aმზე ზღვაში ჩადის...
245 _bლექსები
245 _cრედ.მ.სანადირაძე.მხატვ.ვ.ხიდეშელი
260 _aთბილისი
260 _bმერანი
260 _c1986
300 _a63გვ.17სმ.
653 _aლექსები
653 _aმზე ზღვაში ჩადის...
942 _cBK
999 _c42826
_d42826